[Event "SR 1. liga zapad 2013/2014"]
[Site "?"]
[Date "2013.11.17"]
[Round "20.5"]
[White "Jablonicky, Martin"]
[Black "Kovac, Andrej"]
[Result "0-1"]
[WhiteElo "1967"]
[BlackElo "2171"]
[PlyCount "70"]
[EventDate "2013.??.??"]
[WhiteTeam "SK Osuske"]
[BlackTeam "SK Slovan Bratislava C"]

1. e4 e6 2. d3 d5 3. Nd2 c5 4. Ngf3 Nc6 5. g3 g6 6. Bg2 Bg7 7. O-O Nge7 8. c3
h6 9. Rb1 a5 10. Qc2 b6 11. Re1 Ra7 12. Nf1 Ba6 13. e5 d4 14. c4 g5 15. g4 Qc7
16. Qe2 Ng6 17. Ng3 Ncxe5 18. Nh5 Nxf3+ 19. Qxf3 Be5 20. Nf6+ Kf8 21. Nh5 Bxh2+
22. Kh1 Be5 23. b4 axb4 24. a3 Bb7 25. Qh3 Bxg2+ 26. Qxg2 bxa3 27. Ra1 Nf4 28.
Qe4 Nxh5 29. gxh5 Bf4 30. Bxa3 Kg7 31. Bb2 Rha8 32. Kg2 Bd2 33. Red1 Rxa1 34.
Rxa1 Rxa1 35. Bxa1 Bc3 0-1

[Event "SR 1. liga zapad 2013/2014"]
[Site "?"]
[Date "2013.11.17"]
[Round "20.6"]
[White "Hacik, Radomir"]
[Black "Jablonicky, Frantisek"]
[Result "1/2-1/2"]
[WhiteElo "2209"]
[BlackElo "2146"]
[PlyCount "68"]
[EventDate "2013.??.??"]
[WhiteTeam "SK Slovan Bratislava C"]
[BlackTeam "SK Osuske"]

1. e4 c6 2. d4 d5 3. Nc3 dxe4 4. Nxe4 Nf6 5. Nxf6+ gxf6 6. Nf3 Bg4 7. Be2 e6 8.
Be3 Bd6 9. h3 Bh5 10. a3 Qc7 11. Qd2 Nd7 12. Ne5 Bxe2 13. Nxd7 Kxd7 14. Qxe2
Qa5+ 15. Bd2 Qd5 16. O-O-O Qxg2 17. c4 Rhg8 18. Rdg1 Qxg1+ 19. Rxg1 Rxg1+ 20.
Kc2 Rg6 21. Qh5 h6 22. d5 cxd5 23. cxd5 Rc8+ 24. Kb3 e5 25. Bxh6 Rc5 26. Be3
Rxd5 27. Bxa7 Ke6 28. Qh8 Be7 29. Qc8+ Rd7 30. Qc4+ Rd5 31. Bb8 Bc5 32. f4 Rg3+
33. Kc2 Rg2+ 34. Kc3 Rg3+ 1/2-1/2

[Event "SR 1. liga zapad 2013/2014"]
[Site "?"]
[Date "2013.11.17"]
[Round "20.8"]
[White "Kolcak, Marek"]
[Black "Diviak, Rastislav"]
[Result "0-1"]
[WhiteElo "2153"]
[BlackElo "1998"]
[PlyCount "94"]
[EventDate "2013.??.??"]
[WhiteTeam "SK Slovan Bratislava C"]
[BlackTeam "SK Osuske"]

1. e4 d6 2. d4 Nf6 3. Nc3 g6 4. f4 Bg7 5. Nf3 O-O 6. Bd3 Na6 7. e5 Nd7 8. Qe2
Nb6 9. O-O c5 10. Be3 cxd4 11. Bxd4 Nb4 12. Rad1 Nxd3 13. Rxd3 Bf5 14. Rd2 Qc7
15. exd6 exd6 16. Nb5 Bxd4+ 17. Nfxd4 Qc5 18. b4 Qxb4 19. Nxf5 gxf5 20. Kh1
Rfe8 21. Qd3 Nc4 22. Nc7 Nxd2 23. Qxf5 Qe4 24. Qg5+ Qg6 25. Rd1 Qxg5 26. fxg5
Rac8 27. Nxe8 Rxe8 28. h4 Nc4 29. Rd4 b5 30. a4 a6 31. axb5 axb5 32. Rd5 Re5
33. Rd3 Kg7 34. g3 Re1+ 35. Kg2 Re2+ 36. Kf3 Rxc2 37. Ke4 Re2+ 38. Kf4 Rd2 39.
Rb3 Rd4+ 40. Kf5 Rd5+ 41. Kg4 Ne5+ 42. Kh5 Nc6 43. Ra3 b4 44. Ra6 Ne5 45. Ra7
Rb5 46. g4 b3 47. Rd7 Rb6 0-1

[Event "SR 1. liga zapad 2013/2014"]
[Site "?"]
[Date "2013.11.17"]
[Round "21.1"]
[White "Zatko, Gregor"]
[Black "Motuz, Karol"]
[Result "1/2-1/2"]
[WhiteElo "2188"]
[BlackElo "2305"]
[PlyCount "136"]
[EventDate "2013.??.??"]
[WhiteTeam "SK Levice"]
[BlackTeam "SKS Povazska Bystrica"]

1. d4 e6 2. Nf3 f5 3. Bf4 Nf6 4. e3 b6 5. Be2 Bb7 6. Nbd2 Be7 7. O-O O-O 8. c3
Nh5 9. Re1 Nc6 10. Ne5 Nxf4 11. exf4 Nxe5 12. fxe5 Bg5 13. Nf3 Bh6 14. Bc4 Qe7
15. Qd3 b5 16. Bb3 a5 17. a3 a4 18. Ba2 Be4 19. Qe2 Bxf3 20. Qxf3 c6 21. Rad1
g5 22. Qh5 Qg7 23. Rd3 Qg6 24. Qe2 Rf7 25. Bb1 g4 26. f3 Rg7 27. fxg4 Qxg4 28.
Rg3 Qxe2 29. Rxg7+ Kxg7 30. Rxe2 Kf7 31. Bd3 Bf4 32. g3 Bg5 33. Kg2 h5 34. h4
Bh6 35. Rf2 Rf8 36. Be2 Kg6 37. Bd3 Rb8 38. Rf1 Bf8 39. Rd1 Be7 40. Rf1 Kh6 41.
Kh3 Kg6 42. Kg2 Bd8 43. Rd1 Bc7 44. Re1 Rg8 45. Kh3 Re8 46. Be2 Rb8 47. Bf3 Bd8
48. Be2 Be7 49. Rd1 Bf8 50. Bf3 Bh6 51. Be2 Rf8 52. Bd3 Kg7 53. Be2 Kg6 54. Bd3
Rf7 55. Rf1 Bf8 56. Re1 Rg7 57. Bc2 Rg8 58. Bd1 Bh6 59. Bc2 Kh7 60. Bd1 Bc1 61.
Re2 f4 62. Rg2 Kh6 63. g4 hxg4+ 64. Bxg4 Be3 65. Re2 Ra8 66. Kg2 Ra7 67. Kf3
Ra8 68. Rg2 Rg8 1/2-1/2

[Event "SR 1. liga zapad 2013/2014"]
[Site "?"]
[Date "2013.11.17"]
[Round "21.2"]
[White "Chovanec, Milan"]
[Black "Kalisky, Vladimir"]
[Result "1/2-1/2"]
[WhiteElo "2147"]
[BlackElo "2186"]
[PlyCount "117"]
[EventDate "2013.??.??"]
[WhiteTeam "SKS Povazska Bystrica"]
[BlackTeam "SK Levice"]

1. e4 c5 2. Nf3 Nc6 3. Bb5 g6 4. Bxc6 dxc6 5. d3 Bg7 6. O-O Nf6 7. Nc3 O-O 8.
Be3 b6 9. h3 e5 10. Qd2 Ne8 11. Bh6 Qd6 12. Rae1 Be6 13. Bxg7 Nxg7 14. Ng5 f6
15. Nxe6 Nxe6 16. Ne2 Rad8 17. Qc1 c4 18. dxc4 Qd2 19. Ng3 Qxc1 20. Rxc1 Rd4
21. c3 Rd2 22. Rb1 Rfd8 23. Rfe1 Nf4 24. Nf1 Re2 25. Rxe2 Nxe2+ 26. Kh2 Nf4 27.
g3 Ne6 28. Kg2 Rd3 29. Re1 Nc5 30. f3 Na4 31. Rb1 Kf7 32. Kf2 Ke7 33. h4 Ke6
34. g4 Ke7 35. Ke2 Rd8 36. Ne3 Nc5 37. Rd1 Rxd1 38. Nxd1 Ne6 39. Ne3 Nf4+ 40.
Kd2 Kd6 41. b4 Ke6 42. a3 Kd6 43. Nf1 Ke6 44. Ng3 Kd6 45. h5 Ke6 46. hxg6 hxg6
47. Ne2 Ng2 48. Nc1 Nf4 49. Nb3 Kd7 50. c5 b5 51. Nc1 g5 52. Ne2 Nxe2 53. Kxe2
a6 54. Kd3 Kc7 55. c4 Kb7 56. Kc3 Kc7 57. Kb3 Kb7 58. a4 Kc7 59. cxb5 1/2-1/2

[Event "SR 1. liga zapad 2013/2014"]
[Site "?"]
[Date "2013.11.17"]
[Round "21.3"]
[White "Hudoba, Ondrej"]
[Black "Jakubek, Peter"]
[Result "0-1"]
[WhiteElo "2155"]
[BlackElo "2140"]
[PlyCount "138"]
[EventDate "2013.??.??"]
[WhiteTeam "SK Levice"]
[BlackTeam "SKS Povazska Bystrica"]

1. e4 e5 2. Nf3 Nf6 3. Bd3 Nc6 4. c3 Be7 5. O-O O-O 6. Re1 d6 7. h3 h6 8. Bc2
Re8 9. d4 Bf8 10. Nbd2 a6 11. b3 b5 12. Bb2 Bb7 13. d5 Nb8 14. Qe2 c6 15. c4
Nbd7 16. a4 cxd5 17. cxd5 bxa4 18. bxa4 a5 19. Bd3 Nc5 20. Bb5 Ba6 21. Ba3 Nfd7
22. Rab1 Qc7 23. Rec1 Qa7 24. Nc4 Reb8 25. Nfd2 Rb7 26. Bc6 Rxb1 27. Rxb1 Rb8
28. Rxb8 Qxb8 29. Qg4 Nf6 30. Qf3 Nfxe4 31. Nxe4 Qb1+ 32. Kh2 Nxe4 33. Bb5 Bxb5
34. axb5 Ng5 35. Qc3 Qxb5 36. Ne3 Qe2 37. Qc2 Qxc2 38. Nxc2 f5 39. Ne3 g6 40.
Nc4 Ne4 41. f3 Nc3 42. Nxa5 Nxd5 43. Nc4 Kf7 44. Bxd6 Bxd6 45. Nxd6+ Ke6 46.
Nc4 Nb4 47. Nb6 Kd6 48. Nc8+ Kd7 49. Na7 Nc6 50. Nb5 Nd4 51. Nc3 Kd6 52. Kg3
Kc5 53. Kf2 Ne6 54. g3 Kc4 55. Na4 Kd4 56. Nb2 e4 57. fxe4 fxe4 58. Nd1 Ng5 59.
h4 Nf3 60. Ke2 Ke5 61. Ne3 Nd4+ 62. Kf2 Nf5 63. Ng2 h5 64. Nf4 Nxh4 65. Ke2 Kf5
66. Ke3 Nf3 67. Nd5 Kg4 68. Kxe4 Kxg3 69. Nf4 Nh4 0-1

[Event "SR 1. liga zapad 2013/2014"]
[Site "?"]
[Date "2013.11.17"]
[Round "21.4"]
[White "Obona, Jan"]
[Black "Berek, Geza"]
[Result "1/2-1/2"]
[WhiteElo "2140"]
[BlackElo "2134"]
[PlyCount "22"]
[EventDate "2013.??.??"]
[WhiteTeam "SKS Povazska Bystrica"]
[BlackTeam "SK Levice"]

1. Nf3 g6 2. c4 Bg7 3. Nc3 Nf6 4. d4 O-O 5. e4 d6 6. Be2 e5 7. O-O Nc6 8. d5
Ne7 9. b4 Nh5 10. Re1 f5 11. Nd2 Nf6 1/2-1/2

[Event "SR 1. liga zapad 2013/2014"]
[Site "?"]
[Date "2013.11.17"]
[Round "21.5"]
[White "Svonavec, Stefan"]
[Black "Kvassay, Peter"]
[Result "0-1"]
[WhiteElo "2020"]
[BlackElo "2042"]
[PlyCount "112"]
[EventDate "2013.??.??"]
[WhiteTeam "SK Levice"]
[BlackTeam "SKS Povazska Bystrica"]

1. d4 d5 2. Nf3 Nc6 3. Bg5 h6 4. Bh4 Bf5 5. c3 Nf6 6. Nbd2 e6 7. e3 Bd6 8. Bb5
O-O 9. Bxc6 bxc6 10. O-O c5 11. Ne5 Qe8 12. b3 Nd7 13. Bg3 Rc8 14. Re1 cxd4 15.
cxd4 Nxe5 16. Bxe5 Ba3 17. e4 dxe4 18. Nxe4 Qc6 19. Qf3 Qd5 20. Qg3 Bg6 21.
Rad1 Bb4 22. Re3 Kh7 23. Nc3 Qd7 24. h4 f6 25. Bf4 c5 26. dxc5 Qc6 27. Bd6 Rfe8
28. Na4 e5 29. f3 Red8 30. Ra1 Qd5 31. Qf2 Qd4 32. Rf1 Rxd6 33. cxd6 Rc2 34.
Re4 Rxf2 35. Rxd4 Rxf1+ 36. Kxf1 exd4 37. d7 Be7 38. g4 Bd3+ 39. Ke1 Bb5 40.
Nc5 Kg8 41. f4 f5 42. g5 Kf7 43. a4 Bc6 44. b4 Bd8 45. b5 Be4 46. Nb3 d3 47. a5
Ke7 48. b6 axb6 49. a6 Kxd7 50. Nd4 b5 51. a7 hxg5 52. Nxf5 Ba5+ 53. Kf1 gxf4
54. Nd4 f3 55. Nb3 Bb6 56. Nd2 Ba8 0-1

[Event "SR 1. liga zapad 2013/2014"]
[Site "?"]
[Date "2013.11.17"]
[Round "21.6"]
[White "Capak, Stefan"]
[Black "Nikel, Rastislav"]
[Result "1-0"]
[WhiteElo "2040"]
[BlackElo "2018"]
[PlyCount "93"]
[EventDate "2013.??.??"]
[WhiteTeam "SKS Povazska Bystrica"]
[BlackTeam "SK Levice"]

1. d4 Nf6 2. Nf3 g6 3. g3 d5 4. Bg2 Bg7 5. O-O O-O 6. Nbd2 Bf5 7. c4 c6 8. Re1
Ne4 9. e3 Nd7 10. cxd5 cxd5 11. Qb3 Nb6 12. Nh4 Be6 13. f4 Qd7 14. Qd3 f5 15.
Nb3 Nc4 16. Qd1 b6 17. Nf3 Rac8 18. Bf1 a5 19. Bd3 a4 20. Nbd2 h6 21. Qe2 g5
22. b3 g4 23. Ne5 Bxe5 24. fxe5 axb3 25. axb3 Na5 26. Rb1 Nc3 27. Qf1 Nxb1 28.
Bxb1 Rc3 29. Bb2 Rc7 30. Bd3 Rfc8 31. Qe2 Nc6 32. Bb5 Qd8 33. Ba3 Ra7 34. Nb1
Na5 35. Qb2 Qc7 36. Bd3 Bd7 37. Bxe7 b5 38. Bc5 Raa8 39. Rf1 Nb7 40. Bb4 Qc6
41. Nc3 Be6 42. Bxf5 Re8 43. Bd3 Rf8 44. Bxf8 Rxf8 45. Rxf8+ Kxf8 46. Nxb5 Ke7
47. Qc2 1-0

[Event "SR 1. liga zapad 2013/2014"]
[Site "?"]
[Date "2013.11.17"]
[Round "21.7"]
[White "Lecky, Juraj"]
[Black "Belak, Stefan"]
[Result "0-1"]
[WhiteElo "1863"]
[BlackElo "1984"]
[PlyCount "100"]
[EventDate "2013.??.??"]
[WhiteTeam "SK Levice"]
[BlackTeam "SKS Povazska Bystrica"]

1. e4 e6 2. d4 d5 3. Bd3 c5 4. exd5 Qxd5 5. Qf3 cxd4 6. Qxd5 exd5 7. Ne2 Bc5 8.
Nd2 Nc6 9. Nb3 Bb6 10. Bb5 Bd7 11. Bxc6 bxc6 12. Nexd4 c5 13. Nf3 f6 14. O-O
Kf7 15. Rd1 Be6 16. c3 Ne7 17. Be3 Rac8 18. Rd2 Rhd8 19. h3 h5 20. Re1 Rc6 21.
Rde2 Rdd6 22. Bf4 Rd7 23. Be3 Bf5 24. Rd2 Be4 25. Nh2 Bh7 26. Red1 Bg8 27. g4
hxg4 28. hxg4 Kf8 29. Kg2 Nc8 30. Nf3 Nd6 31. Nh4 Nc4 32. Re2 Nxe3+ 33. Rxe3
Bf7 34. Nf5 Re6 35. Kf3 Rxe3+ 36. fxe3 Be6 37. Rd2 a5 38. Nc1 g6 39. Ng3 d4 40.
exd4 cxd4 41. Nb3 Bd5+ 42. Ke2 d3+ 43. Kf1 Be3 44. Rd1 Bf3 45. Re1 Bf4 46. Ne4
d2 47. Nexd2 Bxd2 48. Re6 Bg5 49. Nxa5 Bh4 50. Kg1 Rd1+ 0-1

[Event "SR 1. liga zapad 2013/2014"]
[Site "?"]
[Date "2013.11.17"]
[Round "21.8"]
[White "Gombar, Peter"]
[Black "Toth, Erik"]
[Result "1-0"]
[WhiteElo "1972"]
[BlackElo "1785"]
[PlyCount "57"]
[EventDate "2013.??.??"]
[WhiteTeam "SKS Povazska Bystrica"]
[BlackTeam "SK Levice"]

1. e4 e5 2. Nf3 Nc6 3. Bb5 a6 4. Ba4 Nf6 5. O-O Be7 6. Re1 b5 7. Bb3 d6 8. c3
O-O 9. h3 Na5 10. Bc2 c5 11. d4 Qc7 12. Nbd2 cxd4 13. cxd4 exd4 14. Nxd4 Re8
15. N2f3 Bb7 16. Bg5 d5 17. e5 Ne4 18. Bxe7 Rxe7 19. Nf5 Re6 20. Rc1 Qb6 21.
Qd4 Qxd4 22. N3xd4 Ree8 23. Bxe4 dxe4 24. Rc7 Rxe5 25. b4 Bd5 26. bxa5 Bxa2 27.
Rec1 g6 28. Rc8+ Rxc8 29. Rxc8+ 1-0

[Event "SR 1. liga zapad 2013/2014"]
[Site "?"]
[Date "2013.11.17"]
[Round "22.1"]
[White "Bagi, Mate"]
[Black "Bombek, Peter"]
[Result "1-0"]
[WhiteElo "2368"]
[BlackElo "2219"]
[PlyCount "93"]
[EventDate "2013.??.??"]
[WhiteTeam "KSC Komarno"]
[BlackTeam "SKS Dubnica n/Vahom B"]

1. e4 e6 2. Qe2 c5 3. g3 Nc6 4. c3 d5 5. d3 Be7 6. Nf3 dxe4 7. dxe4 e5 8. Bg2
Nf6 9. O-O O-O 10. Rd1 Qc7 11. Na3 a6 12. Nc4 h6 13. Ne3 b5 14. Nd5 Qb7 15. a4
b4 16. Be3 Be6 17. Nxf6+ Bxf6 18. Bxc5 Rfc8 19. Bd6 Bb3 20. Rdc1 Qd7 21. Bc5
bxc3 22. Rxc3 Na5 23. Bb4 Rxc3 24. Bxc3 Nc4 25. a5 Rd8 26. Bf1 g6 27. Qe1 Qe6
28. Nd2 Nxd2 29. Bxd2 h5 30. Bc3 Rc8 31. Qe3 Be7 32. Qb6 Bc4 33. Qxe6 fxe6 34.
Rd1 Bxf1 35. Kxf1 Rc4 36. Rd7 Kf8 37. Ra7 Rc6 38. Ke2 Bd8 39. f3 g5 40. Rh7 h4
41. Rh8+ Ke7 42. gxh4 gxh4 43. Rxh4 Kd6 44. Rh7 Rc7 45. Rxc7 Bxc7 46. h4 Ke7
47. Kd3 1-0

[Event "SR 1. liga zapad 2013/2014"]
[Site "?"]
[Date "2013.11.17"]
[Round "22.2"]
[White "Veres, Andrej"]
[Black "Kukel, Imre 1985"]
[Result "0-1"]
[WhiteElo "2161"]
[BlackElo "2249"]
[PlyCount "75"]
[EventDate "2013.??.??"]
[WhiteTeam "SKS Dubnica n/Vahom B"]
[BlackTeam "KSC Komarno"]

1. d4 Nf6 2. Nf3 g6 3. c4 Bg7 4. Nc3 d5 5. Bg5 Ne4 6. cxd5 Nxg5 7. Nxg5 e6 8.
Nf3 exd5 9. e3 a5 10. Bd3 c6 11. O-O O-O 12. h3 Nd7 13. Qc2 Re8 14. Na4 Bf8 15.
a3 Bd6 16. Rfb1 Qf6 17. Nc3 Nf8 18. e4 Qf4 19. Ne2 Qh6 20. e5 Be7 21. Qd2 Qxd2
22. Nxd2 Ne6 23. Rd1 b6 24. f4 c5 25. Bb5 Rd8 26. Nf3 Bb7 27. b3 Rac8 28. g4
Nxd4 29. Nfxd4 cxd4 30. Nxd4 Rc3 31. Kg2 Rdc8 32. e6 fxe6 33. Bd7 R8c7 34.
Bxe6+ Kg7 35. Ra2 Re3 36. Re2 Rxe2+ 37. Nxe2 Rc2 38. Kf3 0-1

[Event "SR 1. liga zapad 2013/2014"]
[Site "?"]
[Date "2013.11.17"]
[Round "22.3"]
[White "Szegi, Tamas"]
[Black "Podoba, Milan"]
[Result "1/2-1/2"]
[WhiteElo "2233"]
[BlackElo "2132"]
[PlyCount "54"]
[EventDate "2013.??.??"]
[WhiteTeam "KSC Komarno"]
[BlackTeam "SKS Dubnica n/Vahom B"]

1. e4 e6 2. d4 d5 3. e5 c5 4. c3 Qb6 5. Nf3 Nc6 6. Bd3 Nh6 7. O-O cxd4 8. cxd4
Nf5 9. Bxf5 exf5 10. Nc3 Be6 11. Na4 Qb5 12. Bg5 h6 13. Be3 Be7 14. Nc5 O-O 15.
Qd2 b6 16. a4 Qb4 17. Na6 Qxd2 18. Bxd2 Rac8 19. Rfc1 g5 20. b4 g4 21. b5 Na5
22. Bxa5 bxa5 23. Ne1 Bg5 24. Rxc8 Rxc8 25. Nc5 f4 26. f3 h5 27. Rc1 Bf5
1/2-1/2

[Event "SR 1. liga zapad 2013/2014"]
[Site "?"]
[Date "2013.11.17"]
[Round "22.4"]
[White "Lazo, Juraj"]
[Black "Edes, Zsofia"]
[Result "1/2-1/2"]
[WhiteElo "2138"]
[BlackElo "2008"]
[PlyCount "68"]
[EventDate "2013.??.??"]
[WhiteTeam "SKS Dubnica n/Vahom B"]
[BlackTeam "KSC Komarno"]

1. d4 Nf6 2. Bg5 b5 3. Nf3 g6 4. Bxf6 exf6 5. e3 c6 6. Bd3 Bg7 7. O-O Bb7 8. a4
a6 9. c4 b4 10. c5 d6 11. cxd6 Qxd6 12. Nbd2 Nd7 13. Nc4 Qc7 14. Rc1 a5 15.
Nfd2 f5 16. Nb3 O-O 17. Be2 Rfe8 18. Qd2 Red8 19. Qc2 Bf8 20. Bf3 Rdc8 21. Rfd1
Ra7 22. g3 Ba8 23. Qd2 c5 24. Bxa8 Raxa8 25. dxc5 Nxc5 26. Nxc5 Qxc5 27. Qd5 b3
28. Qxc5 Rxc5 29. Nd2 Rc2 30. Nxb3 Rxb2 31. Rb1 Ra2 32. Ra1 Rb2 33. Rab1 Ra2
34. Ra1 Rb2 1/2-1/2

[Event "SR 1. liga zapad 2013/2014"]
[Site "?"]
[Date "2013.11.17"]
[Round "22.5"]
[White "Pallag, Gergely"]
[Black "Sukuba, Zdeno"]
[Result "1/2-1/2"]
[WhiteElo "2075"]
[BlackElo "2108"]
[PlyCount "39"]
[EventDate "2013.??.??"]
[WhiteTeam "KSC Komarno"]
[BlackTeam "SKS Dubnica n/Vahom B"]

1. d4 Nf6 2. Bg5 d5 3. Bxf6 gxf6 4. e3 Bg7 5. Nc3 c6 6. Qh5 Qd7 7. Bd3 Qg4 8.
Qxg4 Bxg4 9. Nge2 Bxe2 10. Nxe2 e6 11. c4 dxc4 12. Bxc4 f5 13. Nf4 Ke7 14. Ke2
Nd7 15. Nd3 Rhc8 16. b4 a5 17. a3 b6 18. Rac1 axb4 19. axb4 Ra3 20. b5 1/2-1/2

[Event "SR 1. liga zapad 2013/2014"]
[Site "?"]
[Date "2013.11.17"]
[Round "22.6"]
[White "Orgon, Dusan"]
[Black "Voros, Gellert"]
[Result "1/2-1/2"]
[WhiteElo "2089"]
[BlackElo "2044"]
[PlyCount "81"]
[EventDate "2013.??.??"]
[WhiteTeam "SKS Dubnica n/Vahom B"]
[BlackTeam "KSC Komarno"]

1. d4 d5 2. Bg5 h6 3. Bh4 c6 4. Nf3 Qb6 5. b3 Bf5 6. e3 Nd7 7. Bd3 Bxd3 8. Qxd3
Ngf6 9. Nbd2 e6 10. c4 a5 11. O-O Ba3 12. Rab1 O-O 13. e4 dxe4 14. Nxe4 Nxe4
15. Qxe4 Rae8 16. Ne5 Qc7 17. Qe3 Nxe5 18. dxe5 Be7 19. Bg3 Rd8 20. f4 Qd7 21.
Qb6 Bb4 22. Bh4 Qd4+ 23. Qxd4 Rxd4 24. Rbd1 Bc5 25. Bf2 Rxd1 26. Rxd1 Bxf2+ 27.
Kxf2 b5 28. Rc1 Rb8 29. Ke3 a4 30. b4 g5 31. g3 Kg7 32. a3 Kg6 33. h3 Rd8 34.
cxb5 cxb5 35. Rf1 Rc8 36. Kd3 Rc4 37. fxg5 hxg5 38. g4 Kg7 39. Rf3 Kg6 40. Re3
f6 41. exf6 1/2-1/2

[Event "SR 1. liga zapad 2013/2014"]
[Site "?"]
[Date "2013.11.17"]
[Round "22.7"]
[White "Hegedus, Roland"]
[Black "Pupak, Tomas"]
[Result "0-1"]
[WhiteElo "2020"]
[BlackElo "2016"]
[PlyCount "74"]
[EventDate "2013.??.??"]
[WhiteTeam "KSC Komarno"]
[BlackTeam "SKS Dubnica n/Vahom B"]

1. e4 d6 2. d4 Nf6 3. Nc3 Nbd7 4. Be3 e5 5. Bc4 Be7 6. f3 c6 7. Qd2 O-O 8.
O-O-O b5 9. Bb3 a5 10. a4 b4 11. Nce2 Qc7 12. g4 c5 13. dxe5 Nxe5 14. g5 Nfd7
15. Bd5 Rb8 16. Ng3 Nb6 17. Qe2 Nxd5 18. exd5 b3 19. Ne4 Bf5 20. cxb3 Bxe4 21.
fxe4 Rxb3 22. Bf4 Rfb8 23. Rd2 Qd7 24. Bxe5 dxe5 25. h4 Qxa4 26. Rc2 Qa1+ 27.
Kd2 Rxb2 28. Ke3 R8b3+ 29. Kf2 Rxc2 30. Qxc2 Rb2 31. Ne2 Qa2 32. Qd3 c4 33. Qd1
Bc5+ 34. Kf3 Rd2 35. Qe1 Qb3+ 36. Kg2 Qe3 37. Kf1 Qf3+ 0-1

[Event "SR 1. liga zapad 2013/2014"]
[Site "?"]
[Date "2013.11.17"]
[Round "22.8"]
[White "Prasek, Ivan"]
[Black "Molnar, Erno"]
[Result "1/2-1/2"]
[WhiteElo "1950"]
[BlackElo "2002"]
[PlyCount "92"]
[EventDate "2013.??.??"]
[WhiteTeam "SKS Dubnica n/Vahom B"]
[BlackTeam "KSC Komarno"]

1. e4 c5 2. d3 Nc6 3. Nf3 e6 4. g3 g6 5. Bg2 Bg7 6. O-O Nge7 7. Re1 O-O 8. c3
Qb6 9. Nbd2 d5 10. e5 Qc7 11. Qe2 b6 12. Nf1 Bb7 13. Bf4 h6 14. h4 Rfd8 15.
N1h2 Kh7 16. Ng4 Ng8 17. Nf6+ Bxf6 18. exf6 e5 19. Bxe5 Nxe5 20. Qxe5 Qc6 21.
Ng5+ hxg5 22. hxg5 Qd6 23. Bf3 Qxe5 24. Rxe5 Rd6 25. Kg2 Nxf6 26. gxf6 Rxf6 27.
Rae1 Rd8 28. c4 Rfd6 29. Re7 R8d7 30. b3 Kg7 31. g4 Kf6 32. R7e5 dxc4 33. dxc4
Bxf3+ 34. Kxf3 Rd3+ 35. Kg2 Rd2 36. g5+ Kg7 37. a4 R2d3 38. R1e3 a5 39. f4 Rd2+
40. Kf3 Rb2 41. Rd5 Rd2 42. Rxd2 Rxd2 43. Ke4 f6 44. Kf3 Kf7 45. Ke4 Rd4+ 46.
Kf3 f5 1/2-1/2

[Event "SR 1. liga zapad 2013/2014"]
[Site "?"]
[Date "2013.11.17"]
[Round "23.1"]
[White "Farkas, Gabor"]
[Black "Federic, Jozef"]
[Result "1-0"]
[WhiteElo "2307"]
[BlackElo "2269"]
[PlyCount "129"]
[EventDate "2013.??.??"]
[WhiteTeam "NSK Nitra"]
[BlackTeam "SK Modra"]

1. d4 d5 2. c4 c6 3. Nf3 Nf6 4. Nc3 e6 5. e3 Nbd7 6. Qc2 Bd6 7. g4 dxc4 8. Bxc4
e5 9. g5 Nd5 10. dxe5 Bb4 11. Bd2 N7b6 12. Be2 Nxc3 13. Bxc3 Nd5 14. Bxb4 Nxb4
15. Qc3 Nd5 16. Qc5 Qb6 17. Qxb6 axb6 18. Bc4 Nb4 19. Kd2 Ke7 20. Kc3 Na6 21.
Bxa6 Rxa6 22. Nd2 Be6 23. f4 h6 24. gxh6 Rxh6 25. h4 Ra5 26. Nb3 Ra8 27. Nd4
Rah8 28. Nxe6 Kxe6 29. Rad1 Ke7 30. Rh2 Rd8 31. Rxd8 Kxd8 32. Kd4 Ke7 33. Ke4
Rh8 34. a3 Rh5 35. Kf3 Rh6 36. h5 Rh8 37. Kg4 Rd8 38. Kf5 Rd3 39. Ke4 Rb3 40.
f5 Kf8 41. f6 gxf6 42. exf6 Rb5 43. h6 Kg8 44. h7+ Kh8 45. Kf4 c5 46. e4 c4 47.
e5 Rc5 48. Ke4 b5 49. Kd4 Rc6 50. Kc3 b4+ 51. Kxb4 Re6 52. Rh5 b5 53. Kc3 Ra6
54. Rg5 Ra7 55. Rg7 b4+ 56. axb4 Ra3+ 57. Kc2 Re3 58. Rg8+ Kxh7 59. Rg7+ Kh8
60. Rxf7 Rxe5 61. Rc7 Rf5 62. f7 Kg7 63. Kc3 Rf1 64. b5 Rc1+ 65. Kd2 1-0

[Event "SR 1. liga zapad 2013/2014"]
[Site "?"]
[Date "2013.11.17"]
[Round "23.2"]
[White "Klemanic, Emil"]
[Black "Gorusa, Miroslav"]
[Result "1-0"]
[WhiteElo "2249"]
[BlackElo "2146"]
[PlyCount "47"]
[EventDate "2013.??.??"]
[WhiteTeam "SK Modra"]
[BlackTeam "NSK Nitra"]

1. e4 e5 2. Nc3 Nf6 3. f4 d5 4. fxe5 Nxe4 5. Nf3 Be7 6. Qe2 Nxc3 7. dxc3 c6 8.
Be3 Bg4 9. O-O-O Nd7 10. Bd4 O-O 11. c4 dxc4 12. Qxc4 Be6 13. Qc3 Bxa2 14. e6
Bxe6 15. Bxg7 Bg5+ 16. Kb1 Bf6 17. Bxf6 Qxf6 18. Nd4 Bd5 19. Qh3 Ne5 20. Be2
Ng6 21. Rhf1 Qh4 22. Qc3 f6 23. Nf5 Qa4 24. Rxd5 1-0

[Event "SR 1. liga zapad 2013/2014"]
[Site "?"]
[Date "2013.11.17"]
[Round "23.4"]
[White "Skara, Vladimir"]
[Black "Pales, Dusan"]
[Result "1-0"]
[WhiteElo "2170"]
[BlackElo "2014"]
[PlyCount "59"]
[EventDate "2013.??.??"]
[WhiteTeam "SK Modra"]
[BlackTeam "NSK Nitra"]

1. e4 c5 2. Nc3 e6 3. g3 d5 4. exd5 exd5 5. d3 Nf6 6. Bg2 Be7 7. Nf3 O-O 8. O-O
Nc6 9. Re1 Bg4 10. h3 Bh5 11. g4 Bg6 12. Nh4 d4 13. Ne2 Nd5 14. Nxg6 fxg6 15.
c4 dxc3 16. Qb3 Ncb4 17. Nxc3 c4 18. Qxc4 Rc8 19. Qb3 Bc5 20. Be3 Bxe3 21. fxe3
Qh4 22. Nxd5 Qf2+ 23. Kh1 Nxd5 24. Qxd5+ Kh8 25. Rf1 Qxe3 26. Rxf8+ Rxf8 27.
Qe4 Qd2 28. d4 h6 29. Qxg6 Qxb2 30. Rb1 1-0

[Event "SR 1. liga zapad 2013/2014"]
[Site "?"]
[Date "2013.11.17"]
[Round "23.5"]
[White "Dlhy, Jozef"]
[Black "Matejovic, Juraj"]
[Result "1-0"]
[WhiteElo "2057"]
[BlackElo "2186"]
[PlyCount "67"]
[EventDate "2013.??.??"]
[WhiteTeam "NSK Nitra"]
[BlackTeam "SK Modra"]

1. d4 Nf6 2. Nf3 e6 3. Bg5 d5 4. Nbd2 Nbd7 5. e3 Be7 6. Bd3 O-O 7. O-O c5 8. c3
b6 9. Ne5 Nxe5 10. dxe5 Nd7 11. Bxe7 Qxe7 12. f4 f6 13. exf6 Nxf6 14. e4 c4 15.
Bc2 Qc5+ 16. Kh1 d4 17. cxd4 Qxd4 18. e5 Nd5 19. Qh5 h6 20. Qg6 Rf7 21. Ne4 Ne7
22. Nf6+ Rxf6 23. Qh7+ Kf7 24. exf6 Qxf6 25. Qe4 Rb8 26. Qxc4 g6 27. f5 gxf5
28. Bxf5 Ke8 29. Bh3 Qg6 30. Rae1 b5 31. Qd4 Rb6 32. Rd1 Nd5 33. Qh8+ Kd7 34.
Rxd5+ 1-0

[Event "SR 1. liga zapad 2013/2014"]
[Site "?"]
[Date "2013.11.17"]
[Round "23.6"]
[White "Mydlarik, Martin"]
[Black "Valovic, Stefan"]
[Result "1-0"]
[WhiteElo "2112"]
[BlackElo "1987"]
[PlyCount "91"]
[EventDate "2013.??.??"]
[WhiteTeam "SK Modra"]
[BlackTeam "NSK Nitra"]

1. d4 d5 2. c4 c6 3. Nf3 e6 4. e3 f5 5. Ne5 Nf6 6. Nd2 Be7 7. Bd3 O-O 8. O-O
Nbd7 9. Ndf3 Qe8 10. Rb1 Ne4 11. Nxd7 Bxd7 12. Ne5 Rd8 13. f3 Nf6 14. c5 Qh5
15. b4 a6 16. a4 g5 17. b5 axb5 18. axb5 cxb5 19. Bxb5 Qe8 20. Qa4 Bxb5 21.
Qxb5 Rb8 22. Qxe8 Rfxe8 23. Bd2 Bd8 24. c6 b6 25. Rfc1 Bc7 26. Nd7 Kf7 27. Nxb8
Rxb8 28. Ra1 Ne8 29. Ra7 Kf6 30. Rca1 Bd6 31. Ra8 Rxa8 32. Rxa8 Nc7 33. Rb8 b5
34. Ba5 Ke7 35. Rb7 Kd8 36. h3 Kc8 37. Bxc7 Bxc7 38. Rxb5 h5 39. Kf2 Kd8 40.
Rb7 h4 41. Ke2 Kc8 42. Kd3 Kd8 43. e4 fxe4+ 44. fxe4 dxe4+ 45. Kxe4 Kc8 46.
Rxc7+ 1-0

[Event "SR 1. liga zapad 2013/2014"]
[Site "?"]
[Date "2013.11.17"]
[Round "23.7"]
[White "Danko, Dusan"]
[Black "Sustak, Roman"]
[Result "1-0"]
[WhiteElo "1875"]
[BlackElo "1887"]
[PlyCount "83"]
[EventDate "2013.??.??"]
[WhiteTeam "NSK Nitra"]
[BlackTeam "SK Modra"]

1. d4 Nf6 2. c4 d6 3. Nc3 g6 4. e4 Bg7 5. h3 O-O 6. Bg5 Nbd7 7. Nf3 e5 8. dxe5
dxe5 9. Qd2 c6 10. Be2 Qc7 11. O-O Nc5 12. Bxf6 Bxf6 13. Qh6 Ne6 14. g3 Qe7 15.
Qe3 Nd4 16. Kh2 Nc2 17. Qd2 Nxa1 18. Rxa1 Be6 19. Qe3 b6 20. Na4 Rad8 21. b3
Bg7 22. c5 b5 23. Nb2 f5 24. a4 a6 25. axb5 axb5 26. exf5 Bxf5 27. Ra6 e4 28.
Nd1 Bd7 29. Nd2 Rde8 30. Ra7 Qe6 31. Bg4 Qf6 32. Rxd7 h5 33. Rd6 Qe5 34. Bd7
Re7 35. Bxc6 Rf6 36. Nxe4 Rf5 37. Rxg6 Kh7 38. Rd6 Ref7 39. f4 Qa1 40. Ng5+
Rxg5 41. fxg5 h4 42. g6+ 1-0